<?xml version="1.0" encoding="UTF-8"?>
<record
    xmlns:xsi="http://www.w3.org/2001/XMLSchema-instance"
    xsi:schemaLocation="http://www.loc.gov/MARC21/slim http://www.loc.gov/standards/marcxml/schema/MARC21slim.xsd"
    xmlns="http://www.loc.gov/MARC21/slim">

  <leader>03277nam a2200457 i 4500</leader>
  <controlfield tag="001">ebr10834445</controlfield>
  <controlfield tag="003">CaPaEBR</controlfield>
  <controlfield tag="006">m     o  d        </controlfield>
  <controlfield tag="007">cr cn|||||||||</controlfield>
  <controlfield tag="008">041110t20052005paua    ob    001 0 eng|d</controlfield>
  <datafield tag="020" ind1=" " ind2=" ">
    <subfield code="z">0781739330</subfield>
  </datafield>
  <datafield tag="020" ind1=" " ind2=" ">
    <subfield code="z">9780781739337</subfield>
  </datafield>
  <datafield tag="040" ind1=" " ind2=" ">
    <subfield code="a">CaPaEBR</subfield>
    <subfield code="b">eng</subfield>
    <subfield code="e">rda</subfield>
    <subfield code="e">pn</subfield>
    <subfield code="c">CaPaEBR</subfield>
  </datafield>
  <datafield tag="035" ind1=" " ind2=" ">
    <subfield code="a">(OCoLC)420604666</subfield>
  </datafield>
  <datafield tag="050" ind1="1" ind2="4">
    <subfield code="a">RD732</subfield>
    <subfield code="b">.B353 2005eb</subfield>
  </datafield>
  <datafield tag="082" ind1="0" ind2="4">
    <subfield code="a">616.7</subfield>
    <subfield code="2">22</subfield>
  </datafield>
  <datafield tag="245" ind1="0" ind2="0">
    <subfield code="a">Basic orthopaedic biomechanics &amp; mechano-biology /</subfield>
    <subfield code="c">editors, Van C. Mow, Rik Huiskes.</subfield>
  </datafield>
  <datafield tag="246" ind1="3" ind2=" ">
    <subfield code="a">Basic orthopaedic biomechanics and mechano-biology</subfield>
  </datafield>
  <datafield tag="250" ind1=" " ind2=" ">
    <subfield code="a">Third edition.</subfield>
  </datafield>
  <datafield tag="264" ind1=" " ind2="1">
    <subfield code="a">Philadelphia, Pennsylvania :</subfield>
    <subfield code="b">Lippincott Williams &amp; Wilkins,</subfield>
    <subfield code="c">[2005]</subfield>
  </datafield>
  <datafield tag="264" ind1=" " ind2="4">
    <subfield code="c">&#xFFFD;2005</subfield>
  </datafield>
  <datafield tag="300" ind1=" " ind2=" ">
    <subfield code="a">1 online resource (736 pages) :</subfield>
    <subfield code="b">illustrations, portraits</subfield>
  </datafield>
  <datafield tag="336" ind1=" " ind2=" ">
    <subfield code="a">text</subfield>
    <subfield code="2">rdacontent</subfield>
  </datafield>
  <datafield tag="337" ind1=" " ind2=" ">
    <subfield code="a">computer</subfield>
    <subfield code="2">rdamedia</subfield>
  </datafield>
  <datafield tag="338" ind1=" " ind2=" ">
    <subfield code="a">online resource</subfield>
    <subfield code="2">rdacarrier</subfield>
  </datafield>
  <datafield tag="500" ind1=" " ind2=" ">
    <subfield code="a">Revised edition of: Basic orthopaedic biomechanics / editors, Van C. Mow, Wilson C. Hayes. 2nd edition c1997.</subfield>
  </datafield>
  <datafield tag="504" ind1=" " ind2=" ">
    <subfield code="a">Includes bibliographical references and index.</subfield>
  </datafield>
  <datafield tag="505" ind1="0" ind2=" ">
    <subfield code="a">A brief history of science and orthopaedic biomechanics / Van C. Mow and Rik Huiskes -- Analysis of muscle and joint loads / Patrick J. Prendergast, Frans C. T. Van Der Helm, and Georg N. Duda -- Musculoskeletal dynamics, locomotion, and clinical applications / Thomas P. Andriacchi ... [et al.] -- Biomechanics of bone / Rik Huiskes and Bert van Rietbergen -- Structure and function of articular cartilage and meniscus / Van C. Mow, Faye H. Chen, and Weiyong Gu -- Physical regulation of cartilage metabolism / Farshid Guilak and Clark T. Hung -- Structure and function of ligaments and tendons / Savio L-Y. Woo ... [et al.] -- Biomechanical principles of cartilage and bone tissue engineering / Gordona Vunjak-Novakovic and Steven A. Goldstein --</subfield>
  </datafield>
  <datafield tag="505" ind1="0" ind2=" ">
    <subfield code="a">Quantitative anatomy and imaging of diarthrodial joint articular layers / Gerard A. Ateshian and Felix Eckstein -- Friction, lubrication, and wear of articular cartilage and diarthrodial joints / Gerard A. Ateshian and Van C. Mow -- Biomaterials / Ahmed El-Ghannam and Paul Ducheyne -- Biomechanics of the spine / Ian A.F. Stokes and James C. Iatridis -- Biomechanics of fracture fixation and fracture healing / Lutz E. Claes and Keita Ito -- Biomechanics and preclinical testing of artificial joints : the hip / Rik Huiskes and Jan Stolk -- Biomechanics of total knee replacement designs / Peter S. Walker.</subfield>
  </datafield>
  <datafield tag="588" ind1=" " ind2=" ">
    <subfield code="a">Description based on print version record.</subfield>
  </datafield>
  <datafield tag="590" ind1=" " ind2=" ">
    <subfield code="a">Electronic reproduction. Palo Alto, Calif. : ebrary, 2014. Available via World Wide Web. Access may be limited to ebrary affiliated libraries.</subfield>
  </datafield>
  <datafield tag="650" ind1=" " ind2="0">
    <subfield code="a">Orthopedics.</subfield>
  </datafield>
  <datafield tag="650" ind1=" " ind2="0">
    <subfield code="a">Human mechanics.</subfield>
  </datafield>
  <datafield tag="655" ind1=" " ind2="0">
    <subfield code="a">Electronic books.</subfield>
  </datafield>
  <datafield tag="700" ind1="1" ind2=" ">
    <subfield code="a">Mow, Van C.</subfield>
  </datafield>
  <datafield tag="700" ind1="1" ind2=" ">
    <subfield code="a">Huiskes, Rik.</subfield>
  </datafield>
  <datafield tag="730" ind1="0" ind2=" ">
    <subfield code="a">Basic orthopaedic biomechanics.</subfield>
  </datafield>
  <datafield tag="776" ind1="0" ind2="8">
    <subfield code="i">Print version:</subfield>
    <subfield code="t">Basic orthopaedic biomechanics &amp; mechano-biology.</subfield>
    <subfield code="d">Philadelphia, Pennsylvania : Lippincott Williams &amp; Wilkins, [2005]</subfield>
    <subfield code="h">xvi, 720 pages</subfield>
    <subfield code="z">9780781739337</subfield>
    <subfield code="w">(DNLM)101233858</subfield>
    <subfield code="w">(DLC)10834445</subfield>
  </datafield>
  <datafield tag="797" ind1="2" ind2=" ">
    <subfield code="a">ebrary.</subfield>
  </datafield>
  <datafield tag="856" ind1="4" ind2="0">
    <subfield code="u">http://site.ebrary.com/lib/rucke/Doc?id=10834445</subfield>
    <subfield code="z">An electronic book accessible through the World Wide Web; click to view</subfield>
  </datafield>
  <datafield tag="999" ind1=" " ind2=" ">
    <subfield code="c">89378</subfield>
    <subfield code="d">89378</subfield>
  </datafield>
</record>
